Top Goalscorers For AS Roma Since 2000 - Statistics

General Stats
  • This quiz has been taken 145 times
  • The average score is 14 of 25
Answer Stats
# Goals Years Nat. Answer % Correct
1 256 2000-2017 ๐Ÿ‡ฎ๐Ÿ‡น Francesco Totti
100%
11 42 2022- ๐Ÿ‡ฆ๐Ÿ‡ท Paulo Dybala
93%
2 119 2015-2021 ๐Ÿ‡ง๐Ÿ‡ฆ Edin Dลพeko
92%
5 63 2001-2019 ๐Ÿ‡ฎ๐Ÿ‡น Daniele De Rossi
86%
12 37 2021-2024 ๐Ÿด๓ ง๓ ข๓ ฅ๓ ฎ๓ ง๓ ฟ Tammy Abraham
78%
13 34 2015-2017 ๐Ÿ‡ช๐Ÿ‡ฌ Mohamed Salah
77%
6 61 2016-'19, 2021- ๐Ÿ‡ฎ๐Ÿ‡น Stephan El Shaarawy
73%
8 56 2014/15, 2017- ๐Ÿ‡ฎ๐Ÿ‡น Lorenzo Pellegrini
69%
21 29 2019-2022 ๐Ÿ‡ฆ๐Ÿ‡ฒ Henrikh Mkhitaryan
64%
14 33 2014-2018 ๐Ÿ‡ง๐Ÿ‡ช Radja Nainggolan
64%
14 33 2000-2003 ๐Ÿ‡ฆ๐Ÿ‡ท Gabriel Batistuta
61%
20 30 2011-2016 ๐Ÿ‡ง๐Ÿ‡ฆ Miralem Pjaniฤ‡
61%
4 64 2006-2011 ๐Ÿ‡ฒ๐Ÿ‡ช Mirko Vuฤiniฤ‡
57%
25 26 2013-2016 ๐Ÿ‡จ๐Ÿ‡ฎ Gervinho
52%
3 92 2000-2009 ๐Ÿ‡ฎ๐Ÿ‡น Vincenzo Montella
49%
7 59 2003-2008 ๐Ÿ‡ง๐Ÿ‡ท Mancini
46%
17 31 2016-2020 ๐Ÿ‡ฆ๐Ÿ‡ท Diego Perotti
44%
9 52 2001-2005 ๐Ÿ‡ฎ๐Ÿ‡น Antonio Cassano
41%
23 28 2012-2020 ๐Ÿ‡ฎ๐Ÿ‡น Alessandro Florenzi
39%
10 49 2004-2013 ๐Ÿ‡ฎ๐Ÿ‡น Simone Perrotta
35%
17 31 2000-2005 ๐Ÿ‡ฎ๐Ÿ‡น Marco Delvecchio
31%
17 31 2005-2014 ๐Ÿ‡ง๐Ÿ‡ท Rodrigo Taddei
26%
23 28 2011-2013 ๐Ÿ‡ฎ๐Ÿ‡น Dani Osvaldo
21%
21 29 2012-2015 ๐Ÿ‡ฎ๐Ÿ‡น Mattia Destro
19%
16 32 2001-2009 ๐Ÿ‡ฎ๐Ÿ‡น Christian Panucci
14%
No matching quizzes found
Score Distribution
Percent of People with Each Score
Percentile by Number Answered
Your Score History
You have not taken this quiz